Dota 2 heroes quiz - Statistics

General Stats
  • This quiz has been taken 141 times
  • The average score is 62 of 115
Answer Stats
Answer % Correct
Axe
88%
Earth Spirit
77%
Luna
74%
Phantom Lancer
74%
Anti-Mage
73%
Ember Spirit
73%
Zeus
73%
Phantom Assassin
71%
Pudge
71%
Crystal Maiden
70%
Drow Ranger
70%
Invoker
70%
Io
70%
Lina
70%
Lion
70%
Riki
70%
Sniper
70%
Storm Spirit
70%
Mirana
67%
Abaddon
65%
Bristleback
65%
Windranger
65%
Wraith King
65%
Bounty Hunter
64%
Earthshaker
62%
Enigma
62%
Pangolier
62%
Viper
62%
Chaos Knight
61%
Shadow Fiend
61%
Vengeful Spirit
61%
Alchemist
59%
Centaur Warrunner
59%
Dragon Knight
59%
Witch Doctor
59%
Beastmaster
58%
Brewmaster
58%
Chen
58%
Dark Willow
58%
Juggernaut
58%
Kunkka
58%
Shadow Shaman
58%
Terrorblade
58%
Tiny
58%
Bane
56%
Blood Seeker
56%
Broodmother
56%
Legion Commander
56%
Lifestealer
56%
Monkey King
56%
Naga Siren
56%
Sven
56%
Underlord
56%
Ursa
56%
Slark
55%
Venomancer
55%
Arc Warden
53%
Clockwerk
53%
Faceless Void
53%
Meepo
53%
Templar Assassin
53%
Tidehunter
53%
Clinkz
52%
Elder Titan
52%
Huskar
52%
Magnus
52%
Nature's Prophet
52%
Tinker
52%
Weaver
52%
Ancient Apparition
50%
Oracle
50%
Phoenix
50%
Pugna
50%
Shadow Demon
50%
Spectre
50%
Treant Protector
50%
Medusa
48%
Morphling
48%
Puck
48%
Necrophos
47%
Nyx Assassin
47%
Ogre Magi
47%
Queen of Pain
47%
Razor
47%
Timbersaw
47%
Gyrocopter
45%
Lycan
45%
Omniknight
45%
Sand King
45%
Techies
45%
Tusk
45%
Undying
45%
Doom
44%
Enchantress
44%
Jakiro
44%
Keeper of the Light
44%
Lich
44%
Rubick
44%
Silencer
44%
Spirit Breaker
44%
Dazzle
42%
Death Prophet
42%
Leshrac
42%
Lone Druid
42%
Skywrath Mage
42%
Night Stalker
41%
Outworld Devourer
41%
Slardar
41%
Troll Warlord
41%
Winter Wyvern
41%
Batrider
35%
Dark Seer
35%
Warlock
35%
Visage
32%
Disruptor
23%
No matching quizzes found
Score Distribution
Percent of People with Each Score
Percentile by Number Answered
Your Score History
You have not taken this quiz